000
00261nam a22000977a 4500
999
_c
11605
_d
11605
008
190820b ||||| |||| 00| 0 eng d
020
_a
9788178557403
100
_a
M.L.Aggarwal
_9
7313
245
_a
Mathematics-XI (Volume-II)
260
_a
New Delhi
_b
Arya Publications